| 000 | 01156nam a22002777a 4500 | ||
|---|---|---|---|
| 005 | 20240530110528.0 | ||
| 008 | 160309s2013 ua g b 000 0 ara d | ||
| 017 |
_a2012/9979 _bمصر . دار الكتب المصرية |
||
| 020 | _a9789774102793 | ||
| 040 | _aEG-CaGPL | ||
| 082 | 0 | 4 |
_221 _a213\ _bع م |
| 100 | 0 | _aعزة زكريا مختار | |
| 245 | 1 | 2 |
_aالمنهاج فى الدروس المسجدية : _b( القرآن الكريم - العقيدة - الفقة - السيرة النبوية - رقائق ) / _nالكتاب الاول . _nالكتاب الثانى . |
| 250 | _aط1 | ||
| 260 |
_aالقاهرة : _bالمكتبة العصرية للنشر و التوزيع ، _c2013 . |
||
| 300 |
_a2 جزء ؛ _c24 سم . |
||
| 504 | _aيشتمل على ارجاعات ببليوجرافية | ||
| 650 | 0 | 4 | _aالمرأة فى الاسلام |
| 650 | 0 | 4 | _aالوعظ و الارشاد |
| 650 | 0 | 4 | _aالقرآن الكريم |
| 650 | 0 | 4 | _aالعقيدة الاسلامية |
| 650 | 0 | 4 | _aالفقة الاسلامة |
| 650 | 0 | 4 | _aالسيرة النبوية |
| 942 |
_2ddc _cBK |
||
| 999 |
_c62032 _d62032 |
||